[Event "Novosibirsk Sibiria op-D"]
[Site "Novosibirsk"]
[Date "2007.07.20"]
[Round "1"]
[White "Belousova, Galina"]
[Black "Konjkov, Victor"]
[Result "0-1"]
[WhiteElo "1880"]
[BlackElo "2037"]
[PlyCount "134"]
[EventDate "2007.07.20"]
[EventType "swiss"]
[EventRounds "9"]
[EventCountry "RUS"]
[SourceTitle "EXT 2008"]
[Source "ChessBase"]
[SourceDate "2007.11.25"]
[SourceVersion "1"]
[SourceVersionDate "2007.11.25"]
[SourceQuality "1"]

1. d4 Nf6 2. c4 c5 3. d5 b5 4. b3 g6 5. Bb2 Bg7 6. Nd2 0-0 7. Ngf3 bxc4 8. bxc4 d6 9. e3 Nbd7 10. Bd3 Rb8 11. Rb1 Qa5 12. a3 Nb6 13. 0-0 Bd7 14. Nb3 Qa6 15. Qc1 Rfc8 16. Nbd2 Na4 17. Ba1 Bg4 18. e4 Rb6 19. Rxb6 Nxb6 20. e5 Nfd7 21. exd6 Bxa1 22. Qxa1 exd6 23. Nh4 Ne5 24. f3 Bd7 25. Be2 Be8 26. f4 Ned7 27. f5 Nxd5 28. fxg6 hxg6 29. Bf3 Ne3 30. Rc1 Ne5 31. Be2 Bd7 32. Rc3 Nf5 33. Nhf3 Nc6 34. Ne4 Be6 35. Nfg5 Ncd4 36. Bf1 Kg7 37. Nxe6+ fxe6 38. Rh3 Rh8 39. Rxh8 Kxh8 40. Qb2 Qb6 41. Qd2 Qb1 42. Ng5 Kg7 43. g4 Nh4 44. Qf2 Qc1 45. Qf7+ Kh6 46. Nh3 Qe3+ 47. Qf2 Nhf3+ 48. Kh1 Qxf2 49. Nxf2 Nd2 50. Bd3 d5 51. cxd5 exd5 52. Ba6 c4 53. Bb7 Nb5 54. a4 Nc3 55. Bc6 d4 56. Kg1 Kg5 57. Bd7 Kf4 58. h4 d3 59. Be8 Nf3+ 60. Kf1 d2 61. Bxg6 d1Q+ 62. Nxd1 Nxd1 63. Bc2 Ne3+ 64. Ke2 Nxc2 65. g5 Ncd4+ 66. Kd1 Nxh4 67. Kd2 Ke4 0-1